000 00857cam a2200265 4500
001 J92768
008 090401t1998 xxu||||| |||| 00| 0 eng d
035 _a(Sirsi) u87297
041 _aeng
050 _a692.8
110 _aJoint Contracts Tribunal
_93664
245 _aStandard form of Prime Cost contract 1992 edition ... Amendment 6 and guidance notes issued April 1998 ...
260 _aLondon
_bRIBA Publications
_c1998
300 _a48p. ; 30cm.
350 _a0
650 _aAMENDMENT 6
650 _aBUILT ENVIRONMENT-BUILDING CONTRACT FORMS
650 _aLATHAM REFORMS
650 _aHOUSING GRANTS, CONSTRUCTION AND REGENERATION ACT 1996 PART II
650 _aJCT STANDARD FORM OF PRIME COST CONTRACT 1992
650 _aLATHAM REFORMS
690 _aBUILT ENVIRONMENT-BUILDING CONTRACT FORMS
942 _n0
948 _c08/07/1998
999 _c97214
_d97214